Cash transfers and the well-being of older people in Brazil /
Salvato in:
| Autore principale: | |
|---|---|
| Altri autori: | , |
| Natura: | testo |
| Tags: |
Aggiungi Tag
Nessun Tag, puoi essere il primo ad aggiungerne!!
|
MARC
| LEADER | 00000 a a2200000 04500 | ||
|---|---|---|---|
| 001 | 44820 | ||
| 003 | |||
| 040 | |||
| 100 | |a Lloyd-Sherlock, Peter | ||
| 245 | |a Cash transfers and the well-being of older people in Brazil / |c Peter Lloyd-Sherlock, João Saboia and Baruch Ramírez-Rodríguez | ||
| 500 | |a P.lloyd-sherlock@uea.ac.uk |a saboia@ie.ufrj.br |a rrbaruch@gmail.com | ||
| 590 | |a DISEMINAR042013 | ||
| 700 | |a Saboia, João | ||
| 700 | |a Ramírez-Rodríguez, Baruch | ||
| 773 | |g volumen43, número5 (2012), páginas 1049-1072 : tablas | ||
| 999 | |c 21661 |d 21661 | ||
